000 00318nam a22001457a 4500
008 210303b ||||| |||| 00| 0 eng d
020 _a2900878686185
041 _aeng
080 _a316
082 _a316
100 _a50
101 _aSOC
245 _aField Guide to Child Welfare
_cRycus, J.S
942 _2udc
_cBK
999 _c55707
_d55707